[Event "Pardubice op U18"]
[Site "Pardubice"]
[Date "2009.07.19"]
[Round "3"]
[White "Haimovich, Tal"]
[Black "Alwaeli Kasib, Laith Amier"]
[Result "1-0"]
[WhiteElo "2414"]
[BlackElo "2082"]
[PlyCount "77"]
[EventDate "2009.07.17"]
[EventType "swiss"]
[EventRounds "7"]
[EventCountry "CZE"]
[SourceTitle "CBM 131 Extra"]
[Source "ChessBase"]
[SourceDate "2009.09.03"]
[SourceVersion "2"]
[SourceVersionDate "2009.09.16"]
[SourceQuality "1"]

1. e4 c5 2. Nf3 Nc6 3. Nc3 e5 4. Bc4 Be7 5. d3 d6 6. Nd2 Bg5 7. h4 Bxd2+ 8. Bxd2 Nf6 9. 0-0 Be6 10. f4 exf4 11. Bxf4 h6 12. Nb5 Ne5 13. Bxe6 fxe6 14. d4 cxd4 15. Qxd4 0-0 16. Qxd6 Qxd6 17. Nxd6 Ng6 18. Bg3 e5 19. Rad1 Rad8 20. Rd3 Nh5 21. Rxf8+ Kxf8 22. Be1 Ngf4 23. Rd2 Nf6 24. Nxb7 Rxd2 25. Bxd2 Nxe4 26. Be3 a6 27. Nc5 Nxc5 28. Bxc5+ Kf7 29. Kf2 Ke6 30. g3 Nd5 31. Kf3 h5 32. c4 Nf6 33. Bf8 Kf7 34. Bd6 Ke6 35. Bc7 Kf5 36. b4 Ke6 37. a4 e4+ 38. Ke3 g6 39. Bd8 1-0